| 000 | 00763cab a2200205 4500 | ||
|---|---|---|---|
| 001 | ABS41318 | ||
| 008 | 090401t1989 xxu||||| |||| 00| 0 eng d | ||
| 035 | _a(Sirsi) u29546 | ||
| 041 | _aeng | ||
| 100 | _aBrown, P. | ||
| 245 | _aRevaluation 1990 | ||
| 260 | _c1989 | ||
| 350 | _a0 | ||
| 490 |
_aRVA Monthly _vAugust 1989, 220-223(3) |
||
| 520 | _aThe Local Government Act 1988 Schedule 6 para 2(1) provides the basis of valuation for the new rating lists.The change in the basis of assessment from gross to rateable value changes the liability for repair from landlord to tenant. By analysing caselaw the author considers the issues raised for valuers. | ||
| 650 | _aREVALUATION | ||
| 690 | _aRATING AND VALUATION | ||
| 942 | _n0 | ||
| 948 | _c04/03/1997 | ||
| 999 |
_c19887 _d19887 |
||